Alienation

Αποθηκεύτηκε σε:
Λεπτομέρειες βιβλιογραφικής εγγραφής
Κύριος συγγραφέας: Jaeggi, Rahel
Άλλοι συγγραφείς: Neuhouser, Frederich (Επιμελητής έκδοσης, Μεταφραστής), Smith, Alan E. (Μεταφραστής)
Μορφή: Βιβλίο
Γλώσσα:English
Δημοσίευση: New York : Columbia University Press, [2014]
Σειρά:New directions in critical theory
Θέματα:
Ετικέτες: Προσθήκη ετικέτας
Δεν υπάρχουν, Καταχωρήστε ετικέτα πρώτοι!

MARC

LEADER 00000cam a2200000 a 4500
001 1/116111
008 180315s2014####nyu| ||| |||| ||eng||
020 |a 9780231151986  
040 |a GR-MyUa  |b gre  |c GR-MyUa  |e AACR2 
041 1 |a eng 
082 7 |a 302.544   |2 (23) 
100 1 |a Jaeggi, Rahel. 
245 1 0 |a Alienation /   |c Rahel Jaeggi ; translated by Frederick Neuhouser and Alan E. Smith ; edited by Frederick Neuhouser.  
260 |a New York :   |b Columbia University Press,   |c [2014]  
300 |a xxv, 274 σ. ;   |c 24 εκ.  
490 1 |a (New directions in critical theory) 
504 |a Περιλαμβάνει βιβλιογραφία (σ. 221-259) και ευρετήριο.  
505 8 |a Foreword / Axel Honneth -- Translator's introduction / Frederick Neuhouser -- Preface and acknowledgments -- The relation of relationlessness : reconstructing a concept of social philosophy -- "A stranger in the world that he himself has made" : the concept and phenomenon of alienation -- Marx and Heidegger : two versions of alienation critique -- The structure and problems of alienation critique -- Having oneself at one's command : reconstructing the concept of alienation -- Living one's life as an alien life : four cases -- Seinesgleichen geschieht or "the like of it now happens" : the feeling of powerlessness and the independent existence of one's own actions -- "A pale, incomplete, strange, artificial man" : social roles and the loss of authenticity -- "She but not herself" : self-alienation as internal division -- "As if through a wall of glass" : indifference and self-alienation -- Alienation as a disturbed appropriation of self and world -- "Like a structure of cotton candy" : being oneself as self-appropriation -- "Living one's own life" : self-determination, self-realization, and authenticity -- Conclusion: the sociality of the self, the sociality of freedom -- Notes -- Bibliography -- Index. 
650 0 |a Alienation (Social psychology) 
650 0 |a Self psychology. 
700 1 |a Neuhouser, Frederich,  |e edt  |e trl 
700 1 |a Smith, Alan E.  |e trl 
830 0 |a New directions in critical theory 
852 |a INST  |b LESVOS  |e 20180315  |h 302.544 JAE  |p 005100060069  |q 005100060069  |t BK  |y 0 
970 |a Τζαφέρη  |b Ευαγγελία  |z 15-03-2018